Normal view
MARC view
- Martínez Rubio, José,
Entry Nombre Personal
001 - NUMERO DE CONTROL
- campo de control: 39798
003 - IDENTIFICADOR DE NUMERO DE CONTROL
- campo de control: UPN
005 - FECHA Y HORA DE LA ÜLTIMA TRANSACCIÓN
- campo de control: 20210219194549.0
008 - DATOS DE LONGITUD FIJA
- campo de control de longitud fija: nabaccnnaabn|||||||||| b |nc|||||d
035 ## - NUMERO DE CONTROL
- Número de control: UPN11000011905
040 ## - FUENTE DE CATALOGACIÓN
- Lenguaje de catalogación: SPA
- Agencia de transcripción: UPN
100 1# - ENCABEZAMIENTO - NOMBRE PERSONAL
- Nombre personal: Martínez Rubio, José,
- Fechas asociadas con el nombre: 1985-
670 ## - FUENTE EN LA QUE SE LOCALIZARON DATOS
- Cita de la fuente: T
- Información localizada: Las formas de la verdad
680 ## - NOTA PUBLICA DE ACCESO PÚBLICO
- Frase explicativa de la referencia: Doctor en literatura española por la Universitat de Valencia y actualmente es profesor de Lengua y literatura en la Universitá di Bologna
902 ## - CATALOGADOR
- Catalogador: MCM/150217
